[Event "ODJM A 2017"]
[Site "Willingen GER"]
[Date "2017.06.09"]
[Round "8"]
[White "Gallasch, Robin"]
[Black "Göttel, Tobias"]
[Result "1/2-1/2"]
[Termination "normal"]
[Board "31"]
[WhiteElo "1562"]
[BlackElo "1976"]
[PlyCount "76"]
[WhiteFideId "16222423"]
[BlackFideId "24693316"]
[EventCountry "GER"]
[EventRounds "9"]
[EventType "swiss"]
[EventDate "2017.06.03"]

1. d4 d5 2. c4 c6 3. cxd5 cxd5 4. Nc3 Nf6 5. Nf3 Nc6 6. Bf4 a6 7. e3 b5 8. Bd3
e6 9. Rc1 Bb7 10. O-O Be7 11. h3 O-O 12. a3 Na5 13. b4 Nc4 14. Bxc4 bxc4 15.
Na4 Bc6 16. Nc5 Nd7 17. Qc2 Nxc5 18. bxc5 Qa5 19. Qa2 f6 20. Rb1 e5 21. Bg3
Rab8 22. Nd2 Rb5 23. f4 exd4 24. exd4 Qc3 25. Rxb5 axb5 26. Rf3 Qa5 27. Qb2 Rb8
28. Re3 b4 29. axb4 Rxb4 30. Qc3 Kf7 31. f5 Ra4 32. Qxa5 Rxa5 33. Bd6 Bxd6 34.
cxd6 Ra7 35. g4 Rd7 36. Re6 Ba4 37. Nb1 g6 38. Nc3 Bc6 1/2-1/2

[Event "ODJM A 2017"]
[Site "Willingen GER"]
[Date "2017.06.09"]
[Round "8"]
[White "Adelmeyer, Matti"]
[Black "Ortmeier, Leonhard"]
[Result "0-1"]
[Termination "normal"]
[Board "32"]
[WhiteElo "1677"]
[BlackElo "1921"]
[PlyCount "42"]
[WhiteFideId "12962520"]
[BlackFideId "12993662"]
[EventCountry "GER"]
[EventRounds "9"]
[EventType "swiss"]
[EventDate "2017.06.03"]

1. e4 c5 2. c3 d5 3. exd5 Qxd5 4. d4 Nc6 5. Nf3 Bg4 6. Be2 cxd4 7. cxd4 e6 8.
O-O Nf6 9. Nc3 Qa5 10. a3 Nd5 11. Ne4 Be7 12. b4 Bxb4 13. Qb3 Bxf3 14. Bxf3
Nxd4 15. Qb2 Nxf3+ 16. gxf3 Bc3 17. Nxc3 Qxc3 18. Qxb7 O-O 19. Bb2 Qxf3 20. Be5
h5 21. Bg3 h4 0-1

[Event "ODJM A 2017"]
[Site "Willingen GER"]
[Date "2017.06.09"]
[Round "8"]
[White "Terhuven, Patrick"]
[Black "Kruglikova, Viktorija"]
[Result "1-0"]
[Termination "normal"]
[Board "34"]
[WhiteElo "2171"]
[BlackElo "1788"]
[PlyCount "75"]
[WhiteFideId "12919098"]
[BlackFideId "34120596"]
[EventCountry "GER"]
[EventRounds "9"]
[EventType "swiss"]
[EventDate "2017.06.03"]

1. e4 c6 2. d4 d5 3. exd5 cxd5 4. Bd3 Nf6 5. c3 Nc6 6. Bf4 Bg4 7. Qb3 Qc8 8.
Nd2 e6 9. Ngf3 Be7 10. O-O O-O 11. Rfe1 a6 12. a4 Na5 13. Qc2 Nc4 14. a5 Nxd2
15. Nxd2 Qd7 16. b4 Rac8 17. Qb2 Nh5 18. Be3 Nf6 19. h3 Bh5 20. Nb3 Bg6 21.
Bxg6 hxg6 22. Bg5 Ne4 23. Bxe7 Qxe7 24. Nc5 Nd6 25. Qe2 Nb5 26. Qf3 Qg5 27.
Rad1 Rfe8 28. Re5 Qe7 29. Rde1 Qc7 30. h4 b6 31. axb6 Qxb6 32. h5 gxh5 33. Rxh5
Red8 34. Qh3 Kf8 35. Qh4 g6 36. Nd7+ Rxd7 37. Rh8+ Kg7 38. Rxc8 1-0

[Event "ODJM A 2017"]
[Site "Willingen GER"]
[Date "2017.06.09"]
[Round "8"]
[White "Knudsen, Simon"]
[Black "Weinkauf, Viktor"]
[Result "1-0"]
[Termination "normal"]
[Board "35"]
[WhiteElo "2004"]
[BlackElo "1732"]
[PlyCount "37"]
[WhiteFideId "12985546"]
[BlackFideId "1272036"]
[EventCountry "GER"]
[EventRounds "9"]
[EventType "swiss"]
[EventDate "2017.06.03"]

1. e4 e6 2. d4 d5 3. Bd3 c5 4. exd5 exd5 5. Qe2+ Be7 6. dxc5 Nf6 7. Nf3 O-O 8.
O-O Bxc5 9. Bg5 Bg4 10. h3 Bh5 11. g4 Bg6 12. Bxg6 fxg6 13. Nc3 h6 14. Bh4 g5
15. Bg3 Nbd7 16. Rad1 Ne4 17. Nxe4 dxe4 18. Qxe4 Nf6 19. Qc4+ 1-0

[Event "ODJM A 2017"]
[Site "Willingen GER"]
[Date "2017.06.09"]
[Round "8"]
[White "Kreutz, Jonas"]
[Black "Erezhep, Assylzhan"]
[Result "0-1"]
[Termination "normal"]
[Board "36"]
[WhiteElo "1926"]
[BlackElo "1753"]
[PlyCount "78"]
[WhiteFideId "12970697"]
[BlackFideId "13712144"]
[EventCountry "GER"]
[EventRounds "9"]
[EventType "swiss"]
[EventDate "2017.06.03"]

1. e4 e6 2. d4 d5 3. exd5 exd5 4. Bd3 Nf6 5. Nf3 Nc6 6. c3 h6 7. O-O Bd6 8.
Re1+ Ne7 9. Nbd2 O-O 10. Ne5 Re8 11. Ndf3 c6 12. Nh4 Be6 13. Qf3 Nd7 14. Qg3
Kh8 15. Nxf7+ Bxf7 16. Qxd6 Nf6 17. Qg3 Qd7 18. Bd2 Rad8 19. Qf3 Qg4 20. Qxg4
Nxg4 21. Nf5 Bg6 22. f3 Nf6 23. Nd6 Rxd6 24. Bxg6 Nxg6 25. Rxe8+ Nxe8 26. Re1
Nf6 27. f4 Ne4 28. Bc1 Rf6 29. g3 b6 30. Kg2 Kg8 31. c4 Ne7 32. b4 b5 33. c5
Nf5 34. Bb2 h5 35. Kf3 Kf7 36. Rd1 g5 37. fxg5 Nxg5+ 38. Kf4 Ne4 39. Ke5 Ne3
0-1

[Event "ODJM A 2017"]
[Site "Willingen GER"]
[Date "2017.06.09"]
[Round "8"]
[White "Melde, Benjamin"]
[Black "Oberhofer, Marie"]
[Result "1/2-1/2"]
[Termination "normal"]
[Board "37"]
[WhiteElo "1781"]
[BlackElo "1599"]
[PlyCount "85"]
[WhiteFideId "12958816"]
[BlackFideId "12938165"]
[EventCountry "GER"]
[EventRounds "9"]
[EventType "swiss"]
[EventDate "2017.06.03"]

1. d4 Nf6 2. c4 c5 3. d5 e6 4. Nc3 exd5 5. cxd5 d6 6. g3 g6 7. Bg2 Bg7 8. Nf3
O-O 9. O-O Re8 10. Nd2 a6 11. a4 Qc7 12. h3 Nbd7 13. Nc4 Ne5 14. Na3 Rb8 15. f4
Ned7 16. Qd3 Nb6 17. e4 c4 18. Qc2 Nfd7 19. Be3 Nc5 20. a5 Nbd7 21. Nxc4 Bxc3
22. bxc3 Nxe4 23. Bxe4 Qxc4 24. Bd4 Nc5 25. Bxc5 Qxc5+ 26. Kh2 f5 27. Bf3 Bd7
28. Qf2 Qxf2+ 29. Rxf2 Rbc8 30. Re2 Rxe2+ 31. Bxe2 Rxc3 32. Kg2 Rc5 33. Kf2 Bb5
34. Bf3 Rc2+ 35. Ke3 Rc3+ 36. Kf2 Kf7 37. Ra2 Ke7 38. Ra1 Kd7 39. g4 Bd3 40.
Re1 Be4 41. Bxe4 fxe4 42. Rxe4 Rxh3 43. Rb4 1/2-1/2

[Event "ODJM A 2017"]
[Site "Willingen GER"]
[Date "2017.06.09"]
[Round "8"]
[White "Bayer, Martin"]
[Black "von Estorff, Jacob"]
[Result "0-1"]
[Termination "normal"]
[Board "38"]
[WhiteElo "1751"]
[BlackElo "1987"]
[PlyCount "50"]
[WhiteFideId "16206924"]
[BlackFideId "12974501"]
[EventCountry "GER"]
[EventRounds "9"]
[EventType "swiss"]
[EventDate "2017.06.03"]

1. e4 c5 2. Nf3 Nc6 3. d4 cxd4 4. Nxd4 Nf6 5. Nc3 g6 6. Be2 Bg7 7. Be3 O-O 8.
Qd2 d6 9. h3 Bd7 10. f4 a6 11. g4 b5 12. a3 Rb8 13. g5 Ne8 14. Nd5 Nc7 15. Nb4
Na5 16. O-O-O Nc4 17. Bxc4 bxc4 18. c3 Qe8 19. Nf3 Ba4 20. Rdg1 Qb5 21. Bd4 e5
22. Be3 a5 23. Nd5 Nxd5 24. exd5 Qb3 25. Qc2 Qxc2# 0-1

[Event "ODJM A 2017"]
[Site "Willingen GER"]
[Date "2017.06.09"]
[Round "8"]
[White "Lohrmann, Tabea"]
[Black "Schlick, Stefan"]
[Result "0-1"]
[Termination "normal"]
[Board "39"]
[WhiteElo "1729"]
[BlackElo "2012"]
[PlyCount "90"]
[WhiteFideId "12911941"]
[BlackFideId "16211332"]
[EventCountry "GER"]
[EventRounds "9"]
[EventType "swiss"]
[EventDate "2017.06.03"]

1. e4 e5 2. Nf3 Nc6 3. d4 exd4 4. Bc4 Nf6 5. e5 d5 6. Bb5 Ne4 7. Nxd4 Bc5 8.
O-O Bd7 9. Bxc6 bxc6 10. f3 Ng5 11. f4 Ne4 12. Be3 O-O 13. Nd2 Nxd2 14. Qxd2
Bb6 15. Nb3 f6 16. Bc5 a5 17. a4 fxe5 18. fxe5 Qh4 19. Kh1 Rf5 20. Rxf5 Bxf5
21. Rf1 Be4 22. Qe3 Qg4 23. Qf2 h6 24. Kg1 Kh7 25. h3 Qg6 26. c3 Rf8 27. Qd2
Rxf1+ 28. Kxf1 Bxg2+ 29. Qxg2 Qb1+ 30. Kf2 Qxb2+ 31. Kg1 Qxb3 32. Qf2 Qd1+ 33.
Kg2 Qd3 34. Bd4 Qe4+ 35. Kh2 Bxd4 36. cxd4 c5 37. dxc5 d4 38. Qd2 c6 39. Qxa5
d3 40. Kg3 Qe3+ 41. Kg2 d2 42. Qd8 Qe2+ 43. Kg3 d1=Q 44. Qf8 Qg1+ 45. Kf4 Qg5#
0-1

[Event "ODJM A 2017"]
[Site "Willingen GER"]
[Date "2017.06.09"]
[Round "8"]
[White "Erofeev, Anastasia"]
[Black "Hetzner, Hannes"]
[Result "1-0"]
[Termination "normal"]
[Board "40"]
[WhiteElo "1970"]
[BlackElo "1602"]
[PlyCount "57"]
[WhiteFideId "12917915"]
[BlackFideId "16211936"]
[EventCountry "GER"]
[EventRounds "9"]
[EventType "swiss"]
[EventDate "2017.06.03"]

1. d4 e6 2. c4 Nf6 3. Nc3 Bb4 4. Qc2 O-O 5. a3 Bxc3+ 6. Qxc3 d6 7. Bg5 Nbd7 8.
f3 h6 9. Bh4 e5 10. e3 Re8 11. Be2 a5 12. Nh3 exd4 13. Qxd4 Nc5 14. Bxf6 Qxf6
15. Qxf6 gxf6 16. Nf4 Rxe3 17. Nd5 Rb3 18. Nxc7 Rb8 19. O-O-O Bf5 20. Rxd6 Rc8
21. Nd5 Kf8 22. Nc3 Re8 23. Bd1 Re6 24. Rd5 Re5 25. Bxb3 Nxb3+ 26. Kd1 Ke7 27.
Re1 Ke6 28. Rexe5+ fxe5 29. Rb5 1-0

[Event "ODJM A 2017"]
[Site "Willingen GER"]
[Date "2017.06.09"]
[Round "8"]
[White "Fuhrmann, Åke"]
[Black "Noever, Niklas"]
[Result "1-0"]
[Termination "normal"]
[Board "41"]
[WhiteElo "1793"]
[BlackElo "1628"]
[PlyCount "87"]
[WhiteFideId "12983853"]
[BlackFideId "12988642"]
[EventCountry "GER"]
[EventRounds "9"]
[EventType "swiss"]
[EventDate "2017.06.03"]

1. c4 c5 2. g3 g6 3. Bg2 Bg7 4. Nc3 Nc6 5. a3 e6 6. Rb1 b6 7. Nb5 Nf6 8. Nd6+
Ke7 9. Nxc8+ Rxc8 10. Nf3 d6 11. O-O Re8 12. d3 Kf8 13. b4 Re7 14. Bd2 Qc7 15.
Qc2 Rd7 16. Bh3 Rb8 17. Bc3 Rdd8 18. Qb2 e5 19. Nd2 Nh5 20. e4 Bh6 21. Nf3 Ng7
22. Nh4 Qe7 23. b5 Nd4 24. Bxd4 cxd4 25. Qe2 Kg8 26. a4 Rf8 27. Ng2 Rbd8 28. f4
f6 29. f5 gxf5 30. Bxf5 Nxf5 31. Rxf5 Qg7 32. Rbf1 Rd7 33. a5 Rdf7 34. Qa2 Rd8
35. axb6 axb6 36. c5 bxc5 37. Rxf6 Rdf8 38. Rxf7 Rxf7 39. Qxf7+ Qxf7 40. Rxf7
Kxf7 41. b6 c4 42. dxc4 d3 43. Kf1 d5 44. b7 1-0

[Event "ODJM A 2017"]
[Site "Willingen GER"]
[Date "2017.06.09"]
[Round "8"]
[White "Pahl, Theis"]
[Black "Bethke, Robert"]
[Result "1-0"]
[Termination "normal"]
[Board "43"]
[WhiteElo "1664"]
[BlackElo "1864"]
[PlyCount "65"]
[WhiteFideId "16201264"]
[BlackFideId "12959251"]
[EventCountry "GER"]
[EventRounds "9"]
[EventType "swiss"]
[EventDate "2017.06.03"]

1. e4 c5 2. Nf3 Nc6 3. d4 cxd4 4. Nxd4 g6 5. c4 Bg7 6. Be3 d6 7. Nc3 Nf6 8. Be2
O-O 9. O-O Bd7 10. f3 Rc8 11. Qd2 a6 12. Rac1 Ne5 13. b3 h5 14. h3 Nc6 15. f4
Nxd4 16. Bxd4 Bc6 17. Bf3 e5 18. Be3 exf4 19. Bxf4 Re8 20. Rfe1 Qb6+ 21. Kh1
Rcd8 22. Rcd1 Bf8 23. Bg5 Be7 24. Qf4 Kg7 25. Bh6+ Kh7 26. Bg5 Kg7 27. Re3 Qa5
28. Bh6+ Kh7 29. Nd5 Ng8 30. Nxe7 Rxe7 31. Bg5 f6 32. Bxf6 Rf7 33. Bxd8 1-0

[Event "ODJM A 2017"]
[Site "Willingen GER"]
[Date "2017.06.09"]
[Round "8"]
[White "Faulhaber, Tobias"]
[Black "Arnold, Leander"]
[Result "1-0"]
[Termination "normal"]
[Board "44"]
[WhiteElo "1850"]
[BlackElo "1625"]
[PlyCount "43"]
[WhiteFideId "1271914"]
[BlackFideId "12990230"]
[EventCountry "GER"]
[EventRounds "9"]
[EventType "swiss"]
[EventDate "2017.06.03"]

1. e4 e6 2. d4 d5 3. e5 c5 4. c3 Nc6 5. Nf3 Qb6 6. Bd3 Bd7 7. O-O cxd4 8. cxd4
Nxd4 9. Nxd4 Qxd4 10. Nc3 Bb4 11. Nb5 Qxe5 12. Qg4 Ba5 13. Bf4 Qf6 14. Qg3 Bxb5
15. Bxb5+ Kf8 16. Bg5 Qxb2 17. Qd6+ Ne7 18. Qxe7+ Kg8 19. Be8 h6 20. Qxf7+ Kh7
21. Qg6+ Kg8 22. Qxe6+ 1-0

[Event "ODJM A 2017"]
[Site "Willingen GER"]
[Date "2017.06.09"]
[Round "8"]
[White "Schilay, Lorenz"]
[Black "Cejda, Moritz"]
[Result "1-0"]
[Termination "normal"]
[Board "45"]
[WhiteElo "1875"]
[BlackElo "1684"]
[PlyCount "71"]
[WhiteFideId "12930180"]
[BlackFideId "12925152"]
[EventCountry "GER"]
[EventRounds "9"]
[EventType "swiss"]
[EventDate "2017.06.03"]

1. e4 e6 2. Nf3 d5 3. Nc3 Nf6 4. e5 Nfd7 5. d4 c5 6. dxc5 Bxc5 7. Bd3 Nc6 8.
Bf4 f6 9. exf6 Nxf6 10. O-O O-O 11. Be5 Ng4 12. Bg3 Bd7 13. h3 Nf6 14. Qd2 Qe8
15. Rae1 h6 16. Ne5 Nxe5 17. Rxe5 Bd4 18. Bh7+ Kxh7 19. Qxd4 Qg6 20. Qd2 Rac8
21. Rfe1 Rc4 22. Qd3 Qxd3 23. cxd3 Rb4 24. R5e2 Nh5 25. Bd6 Rbf4 26. Bxf8 Rxf8
27. g3 Nf6 28. Rc2 Ne8 29. Kg2 Bc6 30. d4 Nc7 31. b4 Re8 32. Re5 Nb5 33. Nxb5
Bxb5 34. Rc7 Bc6 35. f4 a6 36. f5 1-0

[Event "ODJM A 2017"]
[Site "Willingen GER"]
[Date "2017.06.09"]
[Round "8"]
[White "Thumm, Niklas"]
[Black "Udaykumar, Arunn Mark"]
[Result "1-0"]
[Termination "normal"]
[Board "46"]
[WhiteElo "1772"]
[BlackElo "1793"]
[PlyCount "47"]
[WhiteFideId "12918733"]
[BlackFideId "12965456"]
[EventCountry "GER"]
[EventRounds "9"]
[EventType "swiss"]
[EventDate "2017.06.03"]

1. e4 e6 2. d4 b5 3. Bxb5 Bb7 4. Nc3 f5 5. Bd3 Nf6 6. f3 fxe4 7. fxe4 Bxe4 8.
Bxe4 Nxe4 9. Nxe4 Qh4+ 10. Nf2 c5 11. Nf3 Qf6 12. c3 cxd4 13. Qxd4 Qg6 14. Qe4
Qxe4+ 15. Nxe4 Nc6 16. Bf4 h6 17. Bd6 Ne7 18. Ba3 Nf5 19. Bxf8 Rxf8 20. O-O-O
Ke7 21. Rhe1 g5 22. Nc5 Rfd8 23. Ne5 d6 24. Nc6+ 1-0

[Event "ODJM A 2017"]
[Site "Willingen GER"]
[Date "2017.06.09"]
[Round "8"]
[White "Klugstedt, Vincent"]
[Black "Schumann, Oliver"]
[Result "0-1"]
[Termination "normal"]
[Board "47"]
[WhiteElo "1636"]
[BlackElo "1875"]
[PlyCount "61"]
[WhiteFideId "16216393"]
[BlackFideId "1270397"]
[EventCountry "GER"]
[EventRounds "9"]
[EventType "swiss"]
[EventDate "2017.06.03"]

1. d4 Nf6 2. c4 e6 3. Nf3 d5 4. Nc3 dxc4 5. e4 Bb4 6. Qc2 c5 7. Be3 cxd4 8.
Nxd4 Qa5 9. Nde2 Nc6 10. a3 Ne5 11. Ng3 O-O 12. Rc1 Bc5 13. Bxc5 Qxc5 14. Be2
b5 15. O-O Bb7 16. Kh1 Neg4 17. Bxg4 Nxg4 18. Qe2 Ne5 19. f4 Nd3 20. Rc2 Rad8
21. Qg4 Qe7 22. e5 f5 23. Qh3 a6 24. Nh5 Nc5 25. Kg1 Rd3 26. g3 Ne4 27. Nxe4
Bxe4 28. Rcf2 Rfd8 29. Re1 Qf7 30. Qh4 Rd1 31. Rff1 0-1

[Event "ODJM A 2017"]
[Site "Willingen GER"]
[Date "2017.06.09"]
[Round "8"]
[White "Lilienthal, Niels Bennett"]
[Black "Diegel, Jonas"]
[Result "0-1"]
[Termination "normal"]
[Board "48"]
[WhiteElo "1567"]
[BlackElo "1554"]
[PlyCount "80"]
[WhiteFideId "16205421"]
[BlackFideId "16206061"]
[EventCountry "GER"]
[EventRounds "9"]
[EventType "swiss"]
[EventDate "2017.06.03"]

1. d4 e6 2. Nf3 Nf6 3. Bg5 Be7 4. e3 O-O 5. Bd3 h6 6. Bh4 b6 7. Nc3 Bb7 8. O-O
c5 9. dxc5 Bxc5 10. Qe2 d5 11. Rfd1 Nbd7 12. a3 Rc8 13. h3 Be7 14. Bg3 Nc5 15.
Nd4 Nxd3 16. Qxd3 Nd7 17. Nf3 Bf6 18. Rab1 Nc5 19. Qe2 Bxc3 20. bxc3 Ne4 21.
Qd3 Nxc3 22. Nd4 Nxd1 23. Rxd1 Qd7 24. Rb1 Rc5 25. Nb3 Rc4 26. Be5 Rfc8 27. Rc1
Ba6 28. Qd2 f6 29. Bb2 e5 30. f3 Qc7 31. Qxd5+ Kh8 32. c3 Rd8 33. Qe6 Qd7 34.
Qxd7 Rxd7 35. Kf2 Bb5 36. Rc2 Ba4 37. Rd2 Rcc7 38. Rxd7 Rxd7 39. Nc5 bxc5 40.
Ke2 c4 0-1

[Event "ODJM A 2017"]
[Site "Willingen GER"]
[Date "2017.06.09"]
[Round "8"]
[White "Roth, Jakob"]
[Black "Fromm, Johannes"]
[Result "1-0"]
[Termination "normal"]
[Board "49"]
[WhiteElo "1847"]
[BlackElo "1636"]
[PlyCount "89"]
[WhiteFideId "12952605"]
[BlackFideId "12993204"]
[EventCountry "GER"]
[EventRounds "9"]
[EventType "swiss"]
[EventDate "2017.06.03"]

1. d4 Nf6 2. c4 c5 3. d5 b5 4. cxb5 a6 5. bxa6 g6 6. Nc3 Bxa6 7. Nf3 Bg7 8. e4
Bxf1 9. Kxf1 d6 10. g3 Nbd7 11. Kg2 O-O 12. Qc2 Qa5 13. Bd2 Ng4 14. Nd1 Qa6 15.
Bc3 Nge5 16. Nxe5 Nxe5 17. Ne3 Rfb8 18. Rhe1 Qd3 19. Red1 Qxc2 20. Nxc2 Ra4 21.
f3 Rba8 22. a3 Rb8 23. b4 cxb4 24. axb4 Rxa1 25. Bxa1 Nc4 26. Bxg7 Kxg7 27. Rd4
Ne5 28. f4 Nd7 29. Rc4 Kf8 30. Kf3 e6 31. Rc7 Ke7 32. Nd4 Kd8 33. Ra7 Ke8 34.
Nc6 Rc8 35. Ke3 Nf6 36. Kd4 Nd7 37. b5 h5 38. Rb7 Nc5 39. Re7+ Kf8 40. Ra7 f5
41. b6 fxe4 42. b7 Nxb7 43. Rxb7 exd5 44. Kxd5 e3 45. Rb2 1-0

[Event "ODJM A 2017"]
[Site "Willingen GER"]
[Date "2017.06.09"]
[Round "8"]
[White "Täschner, Simon"]
[Black "Thumm, Felix"]
[Result "1-0"]
[Termination "normal"]
[Board "50"]
[WhiteElo "1806"]
[BlackElo "1879"]
[PlyCount "67"]
[WhiteFideId "1270971"]
[BlackFideId "12902209"]
[EventCountry "GER"]
[EventRounds "9"]
[EventType "swiss"]
[EventDate "2017.06.03"]

1. c4 e5 2. g3 Nf6 3. Nc3 d5 4. cxd5 Nxd5 5. Bg2 Nb6 6. Nf3 Nc6 7. O-O Be7 8.
d3 O-O 9. Bd2 Re8 10. Qc1 Bf8 11. Ne4 Nd4 12. Nxd4 exd4 13. Re1 Bg4 14. h3 Bxe2
15. Rxe2 f5 16. Bg5 Be7 17. Nc5 Bxg5 18. Rxe8+ Qxe8 19. Qxg5 Qe5 20. Nxb7 Re8
21. Rc1 Nd5 22. Nc5 h6 23. Qg6 Re7 24. Qc6 Nb6 25. a4 Qe2 26. b3 Qd2 27. Rf1 f4
28. gxf4 Qxf4 29. a5 Nc8 30. Qd5+ Rf7 31. Qd8+ Rf8 32. Qd5+ Rf7 33. Ne6 Qh4 34.
Nd8 1-0

[Event "ODJM A 2017"]
[Site "Willingen GER"]
[Date "2017.06.09"]
[Round "8"]
[White "Straßburg, Robin"]
[Black "Pölt, Christoph"]
[Result "0-1"]
[Termination "normal"]
[Board "51"]
[WhiteElo "1673"]
[BlackElo "1905"]
[PlyCount "80"]
[WhiteFideId "16210018"]
[BlackFideId "12960853"]
[EventCountry "GER"]
[EventRounds "9"]
[EventType "swiss"]
[EventDate "2017.06.03"]

1. e4 d5 2. exd5 Qxd5 3. Nc3 Qd8 4. Bc4 Nf6 5. Nf3 e6 6. d4 c6 7. O-O Be7 8.
Bf4 O-O 9. Qe2 Nd5 10. Nxd5 cxd5 11. Bd3 Nd7 12. c3 Nf6 13. h3 Bd7 14. Ne5 Bc6
15. Bh2 Bd6 16. f4 Bxe5 17. fxe5 Ne4 18. Bxe4 dxe4 19. Bf4 b5 20. a3 Rb8 21.
Qf2 Rb7 22. Qg3 Kh8 23. Bd2 Rg8 24. Rf4 f5 25. Rff1 g5 26. Be1 Rbg7 27. Rc1 Bd5
28. Rc2 h5 29. h4 f4 30. Qh3 g4 31. Qh2 g3 32. Qh3 Rg4 33. Rxf4 Rxf4 34. Bxg3
Rfg4 35. Be1 e3 36. g3 Qxh4 37. Qxh4 Rxh4 38. Kf1 Rh1+ 39. Ke2 Rh2+ 40. Kd1 Bb3
0-1

[Event "ODJM A 2017"]
[Site "Willingen GER"]
[Date "2017.06.09"]
[Round "8"]
[White "Kracht, Raphael"]
[Black "Conte, Adrian"]
[Result "1-0"]
[Termination "normal"]
[Board "53"]
[WhiteElo "1682"]
[BlackElo "1698"]
[PlyCount "85"]
[WhiteFideId "16214382"]
[BlackFideId "12925993"]
[EventCountry "GER"]
[EventRounds "9"]
[EventType "swiss"]
[EventDate "2017.06.03"]

1. e4 c5 2. d4 cxd4 3. c3 Nf6 4. e5 Nd5 5. Nf3 e6 6. cxd4 d6 7. Bc4 Nc6 8. O-O
Be7 9. Qe2 Qc7 10. a3 dxe5 11. dxe5 O-O 12. Re1 Na5 13. Ba2 Nc6 14. Qe4 Rd8 15.
Bg5 b6 16. Nbd2 Bb7 17. Qg4 g6 18. Qh4 Bxg5 19. Nxg5 h5 20. Nc4 Ba6 21. Rac1
Bxc4 22. Bxc4 Nde7 23. Ne4 Nf5 24. Qg5 Qe7 25. Nf6+ Kh8 26. h3 h4 27. Ba6 Nb8
28. Re4 Kg7 29. Nh5+ Kh8 30. Qxe7 Nxe7 31. Bb7 Nd7 32. Nf6 Nxf6 33. exf6 Nf5
34. Bxa8 Rxa8 35. Rc7 Kg8 36. Rec4 Nd6 37. R4c6 Rd8 38. Rc2 Kh7 39. Rd2 Nb7 40.
Rxf7+ Kg8 41. Rxd8+ Nxd8 42. Rxa7 e5 43. Ra8 1-0

[Event "ODJM A 2017"]
[Site "Willingen GER"]
[Date "2017.06.09"]
[Round "8"]
[White "Behringer, Tom"]
[Black "Kostanyan, Hakob"]
[Result "1/2-1/2"]
[Termination "normal"]
[Board "54"]
[WhiteElo "1840"]
[BlackElo "1737"]
[PlyCount "126"]
[WhiteFideId "16203496"]
[BlackFideId "12977683"]
[EventCountry "GER"]
[EventRounds "9"]
[EventType "swiss"]
[EventDate "2017.06.03"]

1. d4 Nf6 2. c4 g6 3. Nc3 Bg7 4. e4 d6 5. f3 O-O 6. Be3 Nc6 7. Qd2 e5 8. d5 Ne7
9. g4 Ne8 10. Bd3 f5 11. gxf5 gxf5 12. Nge2 Ng6 13. O-O-O f4 14. Bf2 Bh3 15.
Rhg1 Bf6 16. Kb1 Kh8 17. Nc1 Rg8 18. c5 a6 19. Na4 Bh4 20. cxd6 Nxd6 21. Nc5
Bxf2 22. Qxf2 Qh4 23. Qc2 Qh5 24. Be2 Nh4 25. Qc3 Bg2 26. Nd7 Rg7 27. Nxe5 Rd8
28. Bf1 Re8 29. Nd7 Qf7 30. Bxg2 Nb5 31. Qd2 Qxd7 32. a4 Nd6 33. Qc3 b5 34. Bh3
Qe7 35. Ne2 Ng6 36. Bf5 bxa4 37. Bxg6 Nb5 38. Qd3 Rb8 39. Bf5 Qb4 40. Rxg7 Na3+
41. Qxa3 Qxa3 42. Rxh7+ Kg8 43. Rg1+ Kf8 44. Rh8+ Ke7 45. Rxb8 Qd3+ 46. Ka1
Qxe2 47. Rb7 Qxf3 48. Rxc7+ Kf6 49. Rc6+ Ke5 50. Rxa6 Qe3 51. Rd1 f3 52. Rxa4
Qb3 53. Rad4 Kd6 54. e5+ Kxe5 55. d6 Qb6 56. d7 Qd8 57. Re4+ Kf6 58. Bg4 Qa8+
59. Kb1 Qxe4+ 60. Kc1 Qc4+ 61. Kd2 Qe2+ 62. Kc1 Qc4+ 63. Kd2 Qe2+ 1/2-1/2

[Event "ODJM A 2017"]
[Site "Willingen GER"]
[Date "2017.06.09"]
[Round "8"]
[White "Grunert, Friedrich"]
[Black "Meijerink, Inken"]
[Result "1/2-1/2"]
[Termination "normal"]
[Board "55"]
[WhiteElo "1805"]
[BlackElo "1532"]
[PlyCount "73"]
[WhiteFideId "12995592"]
[BlackFideId "16225465"]
[EventCountry "GER"]
[EventRounds "9"]
[EventType "swiss"]
[EventDate "2017.06.03"]

1. e4 c5 2. Nf3 Nc6 3. Bb5 g6 4. Bxc6 bxc6 5. O-O Bg7 6. c3 Nf6 7. Re1 O-O 8.
h3 d6 9. d4 cxd4 10. cxd4 Nd7 11. e5 dxe5 12. dxe5 Nxe5 13. Qb3 Be6 14. Qe3
Nxf3+ 15. Qxf3 Qb6 16. Nc3 Rab8 17. Na4 Qa5 18. Nc3 Bd5 19. Qe2 e6 20. Bf4 Rxb2
21. Qxb2 Bxc3 22. Qe2 Bxe1 23. Rxe1 Qxa2 24. Qe5 Qa5 25. Ra1 f6 26. Qxe6+ Bxe6
27. Rxa5 Ra8 28. Ra6 Bd5 29. Be3 Kf7 30. Rxa7+ Rxa7 31. Bxa7 Ke6 32. Bd4 f5 33.
g3 Bf3 34. Kf1 Kd5 35. Be3 c5 36. Ke1 Kc4 37. Kd2 1/2-1/2

[Event "ODJM A 2017"]
[Site "Willingen GER"]
[Date "2017.06.09"]
[Round "8"]
[White "Petri, Ben-Luca"]
[Black "Teschler, Ansgar"]
[Result "0-1"]
[Termination "normal"]
[Board "56"]
[WhiteElo "1709"]
[BlackElo "1791"]
[PlyCount "84"]
[WhiteFideId "12947261"]
[BlackFideId "16231139"]
[EventCountry "GER"]
[EventRounds "9"]
[EventType "swiss"]
[EventDate "2017.06.03"]

1. e4 c5 2. Nf3 d6 3. d4 cxd4 4. Nxd4 Nf6 5. Nc3 g6 6. Be3 Bg7 7. f3 O-O 8. Qd2
Nc6 9. g4 Be6 10. Nxe6 fxe6 11. O-O-O Ne5 12. Be2 Qa5 13. h4 Rac8 14. Kb1 Nc4
15. Bxc4 Rxc4 16. h5 Rfc8 17. hxg6 hxg6 18. Bh6 Rxc3 19. Bxg7 Kxg7 20. bxc3
Rxc3 21. g5 Nh5 22. Rhf1 Qa3 23. f4 Rc4 24. Ka1 Rxe4 25. Rb1 b6 26. Rb3 Qa4 27.
Rbf3 Kf7 28. f5 exf5 29. Rd3 Nf4 30. Rc3 Ne6 31. Rh1 Qd4 32. Qxd4 Rxd4 33. Rh7+
Ng7 34. Rc7 Rb4 35. Rxg7+ Kxg7 36. Rxe7+ Kg8 37. Rxa7 f4 38. Ra3 Kf7 39. Rf3
Ke6 40. c3 Re4 41. Kb2 Kf5 42. Rd3 Ke5 0-1

[Event "ODJM A 2017"]
[Site "Willingen GER"]
[Date "2017.06.09"]
[Round "8"]
[White "Bilecen, Simon"]
[Black "Leser, Stefan"]
[Result "1/2-1/2"]
[Termination "normal"]
[Board "57"]
[WhiteElo "1557"]
[BlackElo "1817"]
[PlyCount "49"]
[WhiteFideId "16225511"]
[BlackFideId "12997706"]
[EventCountry "GER"]
[EventRounds "9"]
[EventType "swiss"]
[EventDate "2017.06.03"]

1. Nf3 Nf6 2. c4 e6 3. g3 d5 4. cxd5 exd5 5. Bg2 Bf5 6. O-O Be7 7. d3 Nc6 8.
Nbd2 O-O 9. b3 Qd7 10. Bb2 Bh3 11. Rc1 Bxg2 12. Kxg2 Rfe8 13. Re1 d4 14. Nc4
Bb4 15. Rf1 Rad8 16. a3 Bf8 17. b4 Qd5 18. Kg1 a6 19. Re1 Qd7 20. Kg2 Qd5 21.
Kg1 Re6 22. Rc2 Rde8 23. e3 dxe3 24. Nxe3 Qh5 25. Nh4 1/2-1/2

[Event "ODJM A 2017"]
[Site "Willingen GER"]
[Date "2017.06.09"]
[Round "8"]
[White "Grunert, Wilhelm"]
[Black "Schäfer, Nicolas"]
[Result "0-1"]
[Termination "normal"]
[Board "58"]
[WhiteElo "1584"]
[BlackElo "1656"]
[PlyCount "44"]
[WhiteFideId "12995673"]
[BlackFideId "12988901"]
[EventCountry "GER"]
[EventRounds "9"]
[EventType "swiss"]
[EventDate "2017.06.03"]

1. e4 c5 2. Nf3 d6 3. d4 cxd4 4. Nxd4 Nf6 5. Nc3 g6 6. Be3 Bg7 7. f3 O-O 8. Qd2
Nc6 9. O-O-O d5 10. Kb1 Rb8 11. h4 e5 12. Nxc6 bxc6 13. exd5 cxd5 14. Nxd5 Nxd5
15. Qxd5 Qf6 16. Qd6 Be6 17. Bg5 Qf5 18. Bd3 e4 19. Bxe4 Rxb2+ 20. Kc1 Qa5 21.
Qxf8+ Bxf8 22. Kxb2 Ba3+ 0-1